| 000 | 00000nam 2200000za 4500 |
| 001 | 9.816930 |
| 003 | CaOODSP |
| 005 | 20221107142347 |
| 007 | cr ||||||||||| |
| 008 | 160505s2008 onc |o f|0| 0 eng d |
| 020 | |z0-662-42256-2 |
| 040 | |aCaOODSP|beng |
| 043 | |an-cn--- |
| 086 | 1 |aSD18-7/2008E-PDF|zSD18-7/2008E |
| 086 | 1 |aSG5-43/5008E-PDF |
| 245 | 00|aOld age security and the Canada pension plan |h[electronic resource] : |ba reference guide. |
| 260 | |a[Ottawa] : |bService Canada, |c2008. |
| 300 | |a30 p. |
| 500 | |aIssued also in French under title: Sécurité de la vieillesse et Régime de pensions du Canada : guide de référence. |
| 500 | |a"March 2008." |
| 504 | |aIncludes bibliographic references. |
| 692 | 07|2gccst|aPensions |
| 692 | 07|2gccst|aOld age |
| 710 | 1 |aCanada. |bService Canada. |
| 775 | 08|tSécurité de la vieillesse et Régime de pensions du Canada |w(CaOODSP)9.816931 |
| 856 | 40|qPDF|s2.02 MB|uhttps://publications.gc.ca/collections/collection_2016/servcan/SD18-7-2008-eng.pdf |
| 986 | |aISPB-100-03-08E |